Besiktas players (2000-2010) - Statistics

General Stats
  • This quiz has been taken 8 times
  • The average score is 45 of 137
Answer Stats
Rank Player Positions Nationality Matches Goals (assists) Period % Correct
5 Bobô ST 123 49 (21) 2005-2010
88%
15 Daniel Pancu ST 80 15 (8) 2002-2006
88%
25 Filip Holosko RW 64 23 (14) 2007-2010
88%
14 Matías Delgado AM 81 18 (14) 2006-2009
88%
12 Rodrigo Tello LW 87 15 (30) 2007-2010
88%
11 Sergen Yalçın AM 91 28 (22) 2002-2006
88%
4 Tümer Metin AM 132 32 (35) 2001-2006
88%
16 Ahmed Hassan AM 79 28 (12) 2003-2006
75%
28 Antônio Carlos Zago CB 56 2 (6) 2002-2004
75%
2 İbrahim Toraman CB 163 12 (7) 2004-2010
75%
1 İbrahim Üzülmez LB 280 7 (28) 2000-2010
75%
7 Mert Nobre ST 106 29 (11) 2006-2010
75%
92 Necip Uysal CB 11 0 (1) 2009-2010
75%
10 Óscar Córdoba GK 99 0 (1) 2002-2006
75%
6 Ronaldo CB 109 8 (3) 2001-2005
75%
19 Rüştü Reçber GK 76 0 (0) 2007-2010
75%
26 Tomas Sivok CB 60 4 (0) 2008-2010
75%
68 Tomas Zapotocny CB 23 2 (1) 2008-2009
75%
94 Adem Dursun CB 10 0 (0) 2005-2006
63%
8 Ahmet Dursun ST 102 35 (4) 2000-2006
63%
34 Ekrem Dag RB 49 3 (5) 2008-2010
63%
36 Fabian Ernst DM 44 3 (2) 2008-2010
63%
24 İlhan Mansız ST 66 36 (11) 2001-2004
63%
64 John Carew ST 24 13 (2) 2004-2005
63%
41 Pascal Nouma ST 43 22 (7) 2000-2001, 2002-2003
63%
3 Tayfur Havutçu DM 145 11 (10) 2000-2006
63%
51 Vedran Runje GK 32 0 (1) 2006-2007
63%
86 Adrian Ilie ST 13 6 (2) 2003-2004
50%
9 Ahmet Yıldırım DM 99 3 (7) 2001-2005
50%
21 Ali Tandoğan RB 73 4 (9) 2005-2009
50%
84 Batuhan Karadeniz ST 14 2 (0) 2007-2009
50%
63 Dmitriy Khlestov RB 24 1 (2) 2000-2002
50%
30 Édouard Cissé DM 54 2 (4) 2007-2009
50%
127 Emre Özkan CB 1 0 (0) 2005-2006
50%
44 Federico Giunti DM 40 1 (4) 2002-2004
50%
17 Gökhan Zan CB 76 4 (2) 2003-2004, 2005-2009
50%
55 Hakan Arıkan GK 28 0 (1) 2007-2010
50%
52 İbrahim Kaş CB 31 3 (1) 2004-2005, 2006-2008, 2009-2010
50%
66 Ike Shorunmu GK 23 0 (0) 2000-2001
50%
99 Jamal Sellami DM 9 1 (0) 2000-2001
50%
88 Juanfran LB 13 1 (0) 2004-2005
50%
35 Kléberson CM 45 3 (4) 2005-2007
50%
13 Koray Avcı DM 82 1 (3) 2004-2008
50%
105 Lamine Diatta CB 6 0 (0) 2007-2008
50%
120 Marius Măldărășanu AM 2 0 (0) 2002-2003
50%
67 Matteo Ferrari CB 23 0 (1) 2009-2010
50%
54 Michael Fink CB 30 2 (3) 2009-2010
50%
60 Miroslav Karhan CM 26 2 (3) 2000-2001
50%
39 Mustafa Dogan CB 43 2 (1) 2004-2007
50%
116 Rıdvan Şimşek RB 3 0 (0) 2009-2010
50%
32 Roman Dabrowski RM 52 5 (3) 2002-2005
50%
22 Serdar Özkan LW 70 4 (7) 2003-2005, 2007-2010
50%
90 Souleymane Youla ST 12 1 (2) 2005-2006
50%
89 Thomas Myhre GK 13 0 (0) 2001-2002
50%
45 Uğur İnceman CM 40 2 (0) 2008-2010
50%
49 Yusuf Şimşek AM 34 3 (4) 2008-2010
50%
83 Aílton ST 14 5 (0) 2005-2006
38%
29 Ali Eren Beşerler RB 54 0 (2) 2000-2003
38%
31 Ali Güneş CM 53 3 (3) 2004-2007
38%
46 Baki Mercimek CB 39 0 (0) 2006-2008
38%
47 Burak Yılmaz ST 39 6 (1) 2006-2008
38%
50 Emre Aşık CB 32 2 (1) 2003-2005
38%
97 Federico Higuaín AM 9 0 (1) 2007-2008
38%
65 Fevzi Tuncay GK 23 0 (0) 2000-2002
38%
48 Gökhan Güleç ST 35 8 (1) 2005-2007
38%
98 Gordon Schildenfeld CB 9 0 (0) 2007-2008
38%
18 İbrahim Akın LW 76 13 (7) 2004-2008
38%
85 İlhan Şahin AM 14 1 (1) 2000-2002
38%
56 Mehmet Özdilek AM 28 5 (5) 2000-2001
38%
75 Murat Şahin GK 17 0 (0) 2004-2007
38%
23 Nihat Kahveci ST 67 14 (15) 2000-2002, 2009-2010
38%
108 Peter Kjaer GK 5 0 (0) 2001-2002
38%
42 Ricardinho AM 43 8 (9) 2006-2008
38%
79 Rodrigo Tabata AM 16 2 (3) 2009-2010
38%
111 Sead Halilagic CB 4 0 (0) 2000-2001
38%
112 Anthony Seric LB 3 0 (0) 2008-2009
25%
74 Ayhan Akman CM 17 2 (0) 2000-2001
25%
119 Erkan Zengin LW 2 0 (0) 2008-2009
25%
82 Fahri Tatan DM 15 0 (1) 2006-2007
25%
57 Markus Münch LB 27 2 (13) 2000-2001
25%
40 Okan Buruk RM 43 1 (8) 2004-2006
25%
27 Serdar Kurtuluş RB 59 0 (4) 2006-2009
25%
77 Tolga Doğantez CB 17 0 (3) 2002-2003
25%
73 Aydın Karabulut RW 17 1 (2) 2006-2009
13%
109 Berkant Göktan ST 4 2 (0) 2004-2005
13%
43 Çağdaş Atan CB 40 2 (0) 2004-2006
13%
110 Erhan Güven RB 4 0 (1) 2009-2010
13%
38 Erman Güraçar CB 43 0 (4) 2000-2002
13%
130 Kenan Özer RW 1 0 (0) 2005-2006
13%
133 Marinho CB 1 0 (0) 2001-2002
13%
101 Mattias Asper GK 8 0 (0) 2001-2002
13%
70 Ramazan Kurşunlu GK 20 0 (0) 2003-2005
13%
58 Tamer Tuna RM 27 0 (6) 2001-2003
13%
37 Ümit Bozkurt DF 44 1 (2) 2000-2002
13%
20 Yasin Sülün DM 74 5 (8) 2000-2004
13%
61 Zoubaier Baya AM 26 2 (9) 2001-2002
13%
104 Ali Cansun Begeçarslan ST 7 2 (0) 2000-2001, 2002-2004
0%
91 Amaral DM 11 0 (0) 2002-2003
0%
71 Arild Stavrum ST 18 5 (2) 2001-2002
0%
124 Atınç Nukan CB 1 0 (0) 2009-2010
0%
33 Bayram Bektaş CM 51 7 (2) 2000-2003
0%
125 Bülent Uzun LB 1 0 (0) 2007-2008
0%
113 Can Erdem ST 3 0 (0) 2006-2007
0%
126 Cumali Bişi DM 1 0 (0) 2009-2010
0%
118 Emir Gökçe ST 2 0 (0) 2007-2008
0%
128 Erdem Köse GK 1 0 (0) 2006-2007
0%
114 Eser Yağmur ST 3 1 (1) 2002-2003
0%
95 Fatih Sonkaya RB 10 0 (1) 2004-2005
0%
87 Fazlı Ulusal ST 13 2 (0) 2000-2001
0%
115 Göksel Gencer GK 3 0 (0) 2002-2003
0%
129 Halit Güven Kocabal CM 1 0 (0) 2005-2006
0%
78 İsmail Köybaşı LM 16 1 (2) 2009-2010
0%
131 Korcan Çelikay GK 1 0 (0) 2009-2010
0%
132 Kürşat Duymuş CB 1 0 (0) 2005-2006
0%
134 Mehmet Aksu ST 1 0 (0) 2001-2002
0%
53 Mehmet Sedef CB 31 0 (0) 2004-2008
0%
102 Mehmet Yozgatlı RW 8 0 (0) 2007-2008
0%
100 Murat Alaçayır RM 9 1 (1) 2000-2001
0%
121 Nail Tilbaç ST 2 0 (0) 2005-2006
0%
103 Necat Aygün CB 8 0 (0) 2001-2002
0%
106 Niyazi Güney RB 6 1 (0) 2002-2003
0%
76 Okan Koç RW 17 1 (2) 2003-2004
0%
93 Rahim Zafer DF 11 0 (0) 2000-2001
0%
122 Rıza Şen RM 2 0 (0) 2005-2006
0%
135 Salih Akkaya RM 1 0 (0) 2000-2001
0%
62 Serdar Topraktepe LW 25 5 (1) 2002-2004
0%
72 Sertan Eser ST 18 1 (4) 2001-2002
0%
123 Sezer Sezgin LB 2 0 (0) 2004-2005
0%
69 Sinan Kaloğlu ST 22 1 (0) 2003-2004
0%
117 Sixten Veit DM 3 0 (0) 2001-2002
0%
80 Tayfun Korkut RM 16 1 (1) 2004-2005
0%
107 Tomas Jun CF 6 1 (0) 2005-2006
0%
96 Tunç Kip DM 10 1 (0) 2000-2002
0%
136 Ümit Atalay LM 1 0 (0) 2003-2004
0%
81 Ümit Aydın DM 16 1 (1) 2003-2004
0%
59 Veysel Cihan ST 27 5 (4) 2004-2006
0%
137 Zafer Demiray RW 1 0 (0) 2002-2003
0%
No matching quizzes found
Score Distribution
Percent of People with Each Score
Percentile by Number Answered
Your Score History
You have not taken this quiz